000 00668nas a2200241 4500
001 BR9202373
003 BR-BrBNA
005 20231205092502.0
007 ta
008 230509b bl.|||p| |||| 00| 00por d
040 _aBR-BrBNA
_bpor
_cBiblioteca Nacional de Agricultura
041 _a(Pt)
072 _aL51
100 1 _aNascimento, M.R. do
245 1 _aAnabolizantes
650 _aANABOLIZANTE
650 _aMETABOLISMO PROTEICO
650 _aNUTRICAO ANIMAL
650 _aGANHO DE PESO
773 0 _tRevista Nacional da Carne (Brazil)
_x
_g(Sep 1991), v. 15(175) p. 44-47
_wBR9202373
909 _a202311
_bLúcia
_c55
_dLúcia Elande
942 _2AGRIS
_n0
_cANA
999 _c132076
_d132076